[Event "HUN-chT2 Charousek 1314"]
[Site "Hungary"]
[Date "2013.11.17"]
[Round "5"]
[White "Soponyai, Andras"]
[Black "Kaczur, Florian"]
[Result "0-1"]
[WhiteElo "1996"]
[BlackElo "2233"]
[PlyCount "50"]
[EventDate "2013.09.08"]
[EventType "team-tourn"]
[EventRounds "11"]
[EventCountry "HUN"]
[SourceTitle "EXT 2016"]
[Source "ChessBase"]
[SourceDate "2015.10.08"]
[SourceVersion "1"]
[SourceVersionDate "2015.10.08"]
[SourceQuality "1"]
[WhiteTeam "Szombathely Haladas II"]
[BlackTeam "Paks ASE II"]
[WhiteTeamCountry "HUN"]
[BlackTeamCountry "HUN"]

1. e4 c5 2. Nf3 Nc6 3. d4 cxd4 4. Nxd4 e5 5. Nf3 Nf6 6. Bd3 d5 7. exd5 Nxd5 8. 0-0 Be7 9. a3 Be6 10. Re1 Qc7 11. c4 Nb6 12. Qe2 0-0-0 13. Be3 f5 14. Bxb6 Qxb6 15. Nxe5 Nd4 16. Qd1 Nb3 17. Ra2 Bf6 18. Nd2 Nc5 19. Ndf3 Nxd3 20. Nxd3 Bxc4 21. Qc2 Qb3 22. Rc1 Qxa2 23. Nb4 Qxb2 24. Qxc4+ Kb8 25. h3 Be5 0-1

[Event "HUN-chT2 Szechenyi 1213"]
[Site "Hungary"]
[Date "2012.10.07"]
[Round "2.3"]
[White "Soponyai, Andras"]
[Black "Kiss, Zoltan"]
[Result "1-0"]
[WhiteElo "2001"]
[BlackElo "2112"]
[PlyCount "105"]
[EventDate "2012.09.16"]
[EventType "team-tourn"]
[EventRounds "11"]
[EventCountry "HUN"]
[SourceTitle "EXT 2014"]
[Source "ChessBase"]
[SourceDate "2013.11.20"]
[SourceVersion "1"]
[SourceVersionDate "2013.11.20"]
[SourceQuality "1"]
[WhiteTeam "Haladas III"]
[BlackTeam "Peti MTE"]
[WhiteTeamCountry "HUN"]
[BlackTeamCountry "HUN"]

1. e4 e5 2. Nf3 Nf6 3. Nc3 Nc6 4. d4 exd4 5. Nxd4 Bb4 6. Nxc6 bxc6 7. Bd3 Qe7 8. 0-0 0-0 9. Re1 Re8 10. Bd2 d6 11. a3 Bc5 12. Be3 Qe5 13. Qd2 Ng4 14. g3 Qh5 15. Bxc5 Qxh2+ 16. Kf1 dxc5 17. Qf4 Ne5 18. Qh4 Bh3+ 19. Ke2 c4 20. Rh1 cxd3+ 21. cxd3 Bg4+ 22. Ke3 Qxh4 23. Rxh4 Be6 24. f4 Ng6 25. Rh5 Bb3 26. Rah1 h6 27. d4 Ne7 28. Rc5 Nd5+ 29. Kd3 Nxc3 30. Rxc3 Ba4 31. b3 Bb5+ 32. Ke3 Rad8 33. Rc5 Rd6 34. a4 Ba6 35. Ra5 c5 36. Rxc5 Bb7 37. Re5 Rxe5 38. fxe5 Rg6 39. Rg1 Kf8 40. d5 Ke7 41. b4 f5 42. Rc1 c6 43. exf5 Rxg3+ 44. Kf4 Rb3 45. b5 Rb4+ 46. Ke3 Rxa4 47. bxc6 Bc8 48. d6+ Kd8 49. e6 Ra3+ 50. Kd2 Ra2+ 51. Kd1 Ra5 52. c7+ Ke8 53. d7+ 1-0

[Event "HUN-chT2 Szechenyi 1112"]
[Site "Hungary"]
[Date "2012.02.19"]
[Round "6.4"]
[White "Soponyai, Andras"]
[Black "Mihalyfi, Gabor"]
[Result "1/2-1/2"]
[WhiteElo "2035"]
[BlackElo "2076"]
[PlyCount "24"]
[EventDate "2011.09.25"]
[EventType "team-tourn"]
[EventRounds "11"]
[EventCountry "HUN"]
[SourceTitle "EXT 2013"]
[Source "ChessBase"]
[SourceDate "2012.11.22"]
[SourceVersion "1"]
[SourceVersionDate "2012.11.22"]
[SourceQuality "1"]
[WhiteTeam "Haladas"]
[BlackTeam "Ajka Banyasz"]
[WhiteTeamCountry "HUN"]
[BlackTeamCountry "HUN"]

1. e4 e6 2. d4 d5 3. e5 c5 4. c3 Nc6 5. Nf3 cxd4 6. cxd4 Bb4+ 7. Nc3 f6 8. exf6 Nxf6 9. Bd3 0-0 10. 0-0 Bd7 11. a3 Bxc3 12. bxc3 Na5 1/2-1/2

[Event "HUN-chT2 Szechenyi 0708"]
[Site "Hungary"]
[Date "2008.04.27"]
[Round "10"]
[White "Magyar, Otto"]
[Black "Soponyai, Andras"]
[Result "1-0"]
[WhiteElo "2304"]
[BlackElo "2114"]
[PlyCount "121"]
[EventDate "2007.10.14"]
[EventType "team"]
[EventRounds "11"]
[EventCountry "HUN"]
[SourceTitle "EXT 2009"]
[Source "ChessBase"]
[SourceDate "2008.11.26"]
[SourceVersion "1"]
[SourceVersionDate "2008.11.26"]
[SourceQuality "1"]
[WhiteTeam "Keszthely"]
[BlackTeam "Haladas III"]
[WhiteTeamCountry "HUN"]
[BlackTeamCountry "HUN"]

1. e4 e6 2. d4 d5 3. Nc3 dxe4 4. Nxe4 Nd7 5. Nf3 Ngf6 6. Bd3 Be7 7. 0-0 0-0 8. Qe2 Nxe4 9. Qxe4 Nf6 10. Qe2 b6 11. Bg5 Bb7 12. Rad1 Ng4 13. Bf4 Nf6 14. c4 h6 15. Bb1 Qc8 16. d5 Re8 17. dxe6 Qxe6 18. Qxe6 fxe6 19. Nd4 Bd6 20. Bxd6 cxd6 21. Nb5 Red8 22. Nxd6 Bc6 23. Bc2 Kf8 24. f3 Ke7 25. Ne4 Bxe4 26. Bxe4 Rxd1 27. Rxd1 Rd8 28. Rxd8 Kxd8 29. Kf2 Kd7 30. Ke3 Kd6 31. b4 a5 32. a3 axb4 33. axb4 g5 34. g3 e5 35. Bf5 Ng8 36. Kd3 Nf6 37. Kc3 h5 38. Kd3 h4 39. gxh4 gxh4 40. Ke3 Kc6 41. Be4+ Kd6 42. Bd3 Nh5 43. Bf5 Nf6 44. Kf2 Nh5 45. Bg6 Nf4 46. Be4 Ke6 47. Ke3 Ng2+ 48. Kd2 Kd6 49. Bb1 Ke6 50. Kd3 Kf5 51. c5 bxc5 52. bxc5 Nf4+ 53. Ke3+ Ke6 54. Ke4 Kf6 55. Ba2 Ne2 56. Bb3 Nc3+ 57. Kd3 Nb5 58. Kc4 Nc7 59. c6 Kf5 60. Kc5 Kf4 61. Bd5 1-0

[Event "HUN-chT2 Szechenyi 0809"]
[Site "Hungary"]
[Date "2008.03.08"]
[Round "9.2"]
[White "Horvath, Imre"]
[Black "Soponyai, Andras"]
[Result "1-0"]
[WhiteElo "2303"]
[BlackElo "2091"]
[PlyCount "159"]
[EventDate "2008.10.26"]
[EventType "team-tourn"]
[EventRounds "11"]
[EventCountry "HUN"]
[SourceTitle "EXT 2010"]
[Source "ChessBase"]
[SourceDate "2010.11.25"]
[SourceVersion "1"]
[SourceVersionDate "2010.11.25"]
[SourceQuality "1"]
[WhiteTeam "Keszthely"]
[BlackTeam "Haladas"]
[WhiteTeamCountry "HUN"]
[BlackTeamCountry "HUN"]

1. e4 e6 2. d4 d5 3. e5 c5 4. c3 Nc6 5. Nf3 Qb6 6. g3 Bd7 7. Bh3 cxd4 8. cxd4 Bb4+ 9. Kf1 f5 10. Kg1 0-0-0 11. a3 Be7 12. b4 h6 13. Nc3 g5 14. Bf1 g4 15. Na4 Qc7 16. Ne1 h5 17. Bf4 h4 18. Rc1 a6 19. Nd3 hxg3 20. hxg3 Rxh1+ 21. Kxh1 Nh6 22. Ndc5 Rh8 23. Kg1 Nf7 24. Qd2 Rh5 25. Nxd7 Kxd7 26. Nc5+ Bxc5 27. Rxc5 Qd8 28. Bg2 Ng5 29. Bxg5 Qxg5 30. Qd3 f4 31. b5 axb5 32. Qxb5 Kc7 33. Qa5+ Kd7 34. Qb6 Kc8 35. gxf4 Qe7 36. Bf1 Qh7 37. Rxc6+ bxc6 38. Ba6+ Kd7 39. Qb7+ Kd8 40. Qb8+ Ke7 41. Qd6+ Kf7 42. Qd7+ Kf8 43. Qd8+ Kf7 44. Qf6+ Kg8 45. Qxe6+ Kf8 46. Qc8+ Ke7 47. Qc7+ Kf8 48. Qd8+ Kg7 49. Qe7+ Kg8 50. Qd8+ Kg7 51. Qc7+ Kf8 52. Qc8+ Ke7 53. Qxg4 Rh1+ 54. Kg2 Qh2+ 55. Kf3 Rg1 56. Qf5 Qg2+ 57. Ke3 Re1+ 58. Be2 c5 59. Qh7+ Kf8 60. e6 cxd4+ 61. Kd2 Rxe2+ 62. Kxe2 Qg4+ 63. Kd2 Qxe6 64. Qh8+ Kf7 65. Qxd4 Qc6 66. f5 Qb5 67. Ke3 Qa5 68. a4 Qe1+ 69. Kf4 Qa5 70. f3 Qd8 71. Qa7+ Kf6 72. Qa6+ Kg7 73. Qg6+ Kh8 74. f6 Qc7+ 75. Kg4 Qd7+ 76. Kg3 Qc7+ 77. Kh3 Qc8+ 78. Qg4 Qb7 79. Qh5+ Kg8 80. Qe8+ 1-0

[Event "HUN-chT2 Szechenyi 0708"]
[Site "Hungary"]
[Date "2007.10.14"]
[Round "1"]
[White "Oltean, Gusztav"]
[Black "Soponyai, Andras"]
[Result "1/2-1/2"]
[WhiteElo "2122"]
[BlackElo "2114"]
[PlyCount "37"]
[EventDate "2007.10.14"]
[EventType "team"]
[EventRounds "11"]
[EventCountry "HUN"]
[SourceTitle "EXT 2009"]
[Source "ChessBase"]
[SourceDate "2008.11.26"]
[SourceVersion "1"]
[SourceVersionDate "2008.11.26"]
[SourceQuality "1"]
[WhiteTeam "Veszprem"]
[BlackTeam "Haladas III"]
[WhiteTeamCountry "HUN"]
[BlackTeamCountry "HUN"]

1. e4 e6 2. d3 d5 3. Nd2 c5 4. Ngf3 Nc6 5. g3 Nf6 6. Bg2 Be7 7. 0-0 0-0 8. e5 Ng4 9. Re1 f6 10. exf6 Bxf6 11. Nb3 Qb6 12. Qe2 a5 13. h3 Nge5 14. Nxe5 Bxe5 15. Be3 Bd6 16. a4 Bd7 17. Rad1 Rf7 18. f4 Raf8 19. Kh2 1/2-1/2

[Event "HUN-chT2 Szechenyi 0607"]
[Site "Hungary"]
[Date "2007.03.25"]
[Round "7"]
[White "Vamosi, Jozsef"]
[Black "Soponyai, Andras"]
[Result "1-0"]
[WhiteElo "2069"]
[BlackElo "2108"]
[PlyCount "95"]
[EventDate "2006.11.12"]
[EventType "team"]
[EventRounds "11"]
[EventCountry "HUN"]
[SourceTitle "EXT 2008"]
[Source "ChessBase"]
[SourceDate "2007.11.25"]
[SourceVersion "1"]
[SourceVersionDate "2007.11.25"]
[SourceQuality "1"]
[WhiteTeam "Flesch"]
[BlackTeam "Haladas II"]
[WhiteTeamCountry "HUN"]
[BlackTeamCountry "HUN"]

1. e4 e6 2. d4 d5 3. e5 c5 4. c3 Nc6 5. Nf3 Qb6 6. Bd3 Bd7 7. Bc2 cxd4 8. cxd4 Nb4 9. Nc3 Nxc2+ 10. Qxc2 Ne7 11. 0-0 Nf5 12. Be3 Rc8 13. a3 Be7 14. Qd2 0-0 15. Rac1 Rc4 16. Rc2 Rfc8 17. Rfc1 Qb3 18. Ne1 f6 19. Nf3 Be8 20. Re1 Bh5 21. exf6 Bxf6 22. Bg5 Bxf3 23. Bxf6 gxf6 24. gxf3 Nxd4 25. Kh1 Nxf3 26. Qe2 Nxe1 27. Qxe6+ Kg7 28. Re2 Nf3 29. Qf5 R8c7 30. Qxf3 Rxc3 31. bxc3 Qxc3 32. Re3 Qc6 33. Qg4+ Kf8 34. Rg3 d4+ 35. f3 Qc1+ 36. Rg1 Qc4 37. Qf4 Re7 38. Qb8+ Re8 39. Qxb7 Qf7 40. Qb4+ Qe7 41. Qxd4 Rd8 42. Qf4 Qe6 43. Qh6+ Ke7 44. Qxh7+ Kd6 45. Rd1+ Kc6 46. Qc2+ Kb7 47. Rxd8 Qe1+ 48. Kg2 1-0

[Event "HUN-chT2 Szechenyi 0607"]
[Site "Hungary"]
[Date "2006.11.26"]
[Round "2"]
[White "Soponyai, Andras"]
[Black "Veber, Richard"]
[Result "0-1"]
[WhiteElo "2108"]
[BlackElo "1989"]
[PlyCount "68"]
[EventDate "2006.11.12"]
[EventType "team"]
[EventRounds "11"]
[EventCountry "HUN"]
[SourceTitle "EXT 2008"]
[Source "ChessBase"]
[SourceDate "2007.11.25"]
[SourceVersion "1"]
[SourceVersionDate "2007.11.25"]
[SourceQuality "1"]
[WhiteTeam "Haladas II"]
[BlackTeam "Ajka Banyasz"]
[WhiteTeamCountry "HUN"]
[BlackTeamCountry "HUN"]

1. e4 g6 2. d4 Bg7 3. f4 d6 4. Nf3 c5 5. c3 Qa5 6. Bd2 Nf6 7. e5 Ne4 8. Bd3 Nxd2 9. Nbxd2 cxd4 10. cxd4 Nc6 11. 0-0 dxe5 12. Nc4 Qd8 13. dxe5 Be6 14. Qe2 Rc8 15. b3 0-0 16. Rad1 Qc7 17. Ng5 Bxc4 18. Bxc4 h6 19. Nxf7 Rxf7 20. Qg4 Rcf8 21. Qxg6 Nxe5 22. fxe5 Qc5+ 23. Kh1 Qxc4 24. Rg1 Qe2 25. h3 Qxe5 26. Rge1 Qg5 27. Qe6 Kh8 28. Qd7 Qg3 29. Qe6 Rf5 30. Kg1 Be5 31. Qxh6+ Kg8 32. Qe6+ Kg7 33. Qxe7+ R8f7 34. Rxe5 Qxe5 0-1

[Event "HUN-chT2 Szechenyi 0506"]
[Site "Hungary"]
[Date "2005.10.16"]
[Round "1"]
[White "Soponyai, Andras"]
[Black "Szakaly, Laszlo"]
[Result "0-1"]
[WhiteElo "2118"]
[BlackElo "1990"]
[PlyCount "122"]
[EventDate "2005.10.16"]
[EventType "team"]
[EventRounds "11"]
[EventCountry "HUN"]
[SourceTitle "EXT 2009"]
[Source "ChessBase"]
[SourceDate "2008.11.26"]
[SourceVersion "1"]
[SourceVersionDate "2008.11.26"]
[SourceQuality "1"]
[WhiteTeam "HVSE Infraplan II"]
[BlackTeam "Kvarosi Zeg"]
[WhiteTeamCountry "HUN"]
[BlackTeamCountry "HUN"]

1. e4 c5 2. Nf3 d6 3. d4 cxd4 4. Nxd4 Nf6 5. Nc3 g6 6. Bc4 Bg7 7. Be3 Nc6 8. Qd2 0-0 9. 0-0-0 Ng4 10. Nde2 Bd7 11. f3 Nxe3 12. Qxe3 Rc8 13. g4 Ne5 14. Bb3 b5 15. h3 a5 16. f4 Nc4 17. Bxc4 Rxc4 18. e5 Re8 19. Qd3 Qb6 20. exd6 e6 21. h4 Rec8 22. Rd2 Qb7 23. Rf1 b4 24. Nd1 Qb5 25. Kb1 Qb7 26. Ne3 Rc3 27. bxc3 bxc3+ 28. Kc1 cxd2+ 29. Kxd2 Qb4+ 30. c3 Qb2+ 31. Qc2 Qa3 32. f5 Qxd6+ 33. Qd3 Qxd3+ 34. Kxd3 Bb5+ 35. c4 Rd8+ 36. Kc2 Ba4+ 37. Kb1 Rd2 38. Nf4 Bd4 39. fxe6 Bxe3 40. exf7+ Kxf7 41. Nd5+ Bf2 42. Nc3 Bc2+ 43. Kc1 Bd3 44. Kxd2 Bxf1 45. h5 Bxc4 46. Ne4 Bxa2 47. hxg6+ Kxg6 48. Nxf2 Kg5 49. Ne4+ Kf4 50. Nf6 h6 51. Kd3 Kg5 52. Ne4+ Kxg4 53. Ke3 a4 54. Kd4 Bf7 55. Kc3 a3 56. Nf2+ Kf3 57. Nd3 Ke3 58. Ne5 Be6 59. Ng6 h5 60. Nh4 Kf2 61. Ng6 Kg3 0-1

[Event "HUN-chT2 Szechenyi 0405"]
[Site "Hungary"]
[Date "2005.02.20"]
[Round "8"]
[White "Gjuran, Denis"]
[Black "Soponyai, Andras"]
[Result "1-0"]
[WhiteElo "2275"]
[BlackElo "2083"]
[PlyCount "107"]
[EventDate "2004.09.26"]
[EventType "team"]
[EventRounds "11"]
[EventCountry "HUN"]
[SourceTitle "EXT 2009"]
[Source "ChessBase"]
[SourceDate "2008.11.26"]
[SourceVersion "1"]
[SourceVersionDate "2008.11.26"]
[SourceQuality "1"]
[WhiteTeam "Szentgotthard"]
[BlackTeam "Haladas II"]
[WhiteTeamCountry "HUN"]
[BlackTeamCountry "HUN"]

1. e4 e6 2. d4 d5 3. exd5 exd5 4. c4 Nc6 5. cxd5 Qxd5 6. Be3 Nf6 7. a3 Bg4 8. Nc3 Bxd1 9. Nxd5 Nxd5 10. Rxd1 Be7 11. Bb5 0-0-0 12. Nf3 Rd6 13. Rc1 Bf6 14. Bxc6 Rxc6 15. Rxc6 bxc6 16. Kd2 Rd8 17. Rc1 Kb7 18. Kd3 h6 19. Nd2 g5 20. g3 Be7 21. Ke2 f5 22. Nc4 Nxe3 23. fxe3 c5 24. dxc5 Re8 25. b4 Kc6 26. a4 f4 27. Na5+ Kd7 28. Rd1+ Kc8 29. gxf4 gxf4 30. e4 Bxc5 31. bxc5 Rxe4+ 32. Kf3 Rxa4 33. Nc6 Kb7 34. Ne7 a5 35. h4 Rc4 36. Rb1+ Ka6 37. Nf5 h5 38. c6 a4 39. Rb8 Rxc6 40. Ra8+ Kb6 41. Rxa4 Rg6 42. Rb4+ Kc5 43. Rxf4 Kb5 44. Nd4+ Kb6 45. Re4 Kc5 46. Ne6+ Kd6 47. Nf4 Rh6 48. Ra4 Ke5 49. Ra5+ Kd4 50. Rd5+ Kc4 51. Rxh5 Rf6 52. Ke4 c5 53. Nd3 Re6+ 54. Re5 1-0

[Event "HUN-chT2 Szechenyi 0405"]
[Site "Hungary"]
[Date "2005.01.23"]
[Round "6"]
[White "Soponyai, Andras"]
[Black "Babocs, Gyula"]
[Result "1-0"]
[WhiteElo "2083"]
[BlackElo "2093"]
[PlyCount "65"]
[EventDate "2004.09.26"]
[EventType "team"]
[EventRounds "11"]
[EventCountry "HUN"]
[SourceTitle "EXT 2009"]
[Source "ChessBase"]
[SourceDate "2008.11.26"]
[SourceVersion "1"]
[SourceVersionDate "2008.11.26"]
[SourceQuality "1"]
[WhiteTeam "Haladas II"]
[BlackTeam "Tapolca II"]
[WhiteTeamCountry "HUN"]
[BlackTeamCountry "HUN"]

1. e4 g6 2. d4 c6 3. f4 d5 4. e5 h5 5. Nf3 Nh6 6. Bd3 Bf5 7. Bxf5 Nxf5 8. b3 e6 9. c3 Nd7 10. Na3 Be7 11. Nc2 Nf8 12. Ne3 Nxe3 13. Bxe3 Qc7 14. Qd3 0-0-0 15. a4 Nd7 16. b4 Kb8 17. 0-0 Nb6 18. Nd2 Nc8 19. Nb3 b6 20. Rfb1 Rdg8 21. b5 Ka8 22. a5 Bd8 23. axb6 Qxb6 24. Na5 cxb5 25. Rxb5 Qc7 26. Rb7 Qxb7 27. Nxb7 Kxb7 28. Qa6+ Kb8 29. c4 dxc4 30. d5 exd5 31. Bxa7+ Kc7 32. Rb1 Kd7 33. Rb7+ 1-0

[Event "HUN-chT2 Szechenyi 0304"]
[Site "Hungary"]
[Date "2004.04.04"]
[Round "10"]
[White "Soponyai, Andras"]
[Black "Tamas, Gyorgy"]
[Result "0-1"]
[WhiteElo "2053"]
[BlackElo "2163"]
[PlyCount "97"]
[EventDate "2003.09.28"]
[EventType "team"]
[EventRounds "11"]
[EventCountry "HUN"]
[SourceTitle "EXT 2009"]
[Source "ChessBase"]
[SourceDate "2008.11.26"]
[SourceVersion "1"]
[SourceVersionDate "2008.11.26"]
[SourceQuality "1"]
[WhiteTeam "Haladas II"]
[BlackTeam "Zala Volan"]
[WhiteTeamCountry "HUN"]
[BlackTeamCountry "HUN"]

1. e4 c5 2. Nf3 d6 3. d4 cxd4 4. Nxd4 Nf6 5. Nc3 a6 6. Be2 e5 7. Nb3 Be7 8. 0-0 0-0 9. f4 Nc6 10. f5 b5 11. a3 Bb7 12. Kh1 Rc8 13. g4 Na5 14. Bf3 Rc4 15. Qe2 d5 16. Nxa5 Qxa5 17. exd5 Rd8 18. Qxe5 Bd6 19. Qe2 Re8 20. Qg2 b4 21. g5 Nd7 22. Nd1 bxa3 23. g6 fxg6 24. fxg6 h6 25. Ne3 Rh4 26. h3 Rf8 27. c4 Ne5 28. Be2 Nxc4 29. Rxf8+ Bxf8 30. Nxc4 Qe1+ 31. Kh2 Rxc4 32. Bf4 Qxa1 33. Bxc4 Qxb2 34. Qxb2 axb2 35. Ba2 Ba3 36. d6+ Kf8 37. Bb1 Bc8 38. Kg3 Be6 39. Be5 a5 40. h4 Bb4 41. Kf2 a4 42. Ke3 a3 43. h5 a2 44. Bxa2 Bxa2 45. d7 Ba5 46. Bxb2 Be6 47. Ba3+ Kg8 48. Be7 Bxd7 49. Kf4 0-1